Testing the Effects of a Thermal Power Plant Combustion by-Product Stabilizer on Water Impermeability

Fosílne palivá ako čierne uhlie, ropa a zemný plyn sú hlavnými zdrojmi výroby energie. Tepelná energia je druhým najvýznamnejším zdrojom na Slovensku. Závery z laboratórnych testov a výsledkov testovania v teréne kombinácií stabilizátora ako vedľajšieho produktu, odpadu zo spaľovania a z technológie...

Full description

Saved in:
Bibliographic Details
Main Author: Bosák, Martin, 1967-
Other Authors: Tkáč, Michal, 1958-, Holub, Marián, Tarča, Alexander, Štofová, Lenka, 1989-, Szaryszová, Petra, 1984-
Format: Book Chapter
Language:English
Subjects:
Tags: Add Tag
No Tags, Be the first to tag this record!

MARC

LEADER 00000naa$a2200000$$$4500
001 0262424
005 20240502083753.7
041 0 |a eng 
044 |a PL 
245 1 0 |a Testing the Effects of a Thermal Power Plant Combustion by-Product Stabilizer on Water Impermeability  |c Martin Bosák, Michal Tkáč, Marián Holub, Alexander Tarča, Lenka Štofová, Petra Szaryszová 
520 |a Fosílne palivá ako čierne uhlie, ropa a zemný plyn sú hlavnými zdrojmi výroby energie. Tepelná energia je druhým najvýznamnejším zdrojom na Slovensku. Závery z laboratórnych testov a výsledkov testovania v teréne kombinácií stabilizátora ako vedľajšieho produktu, odpadu zo spaľovania a z technológie odsírenia EVO v spaľovacích procesoch. 
610 2 0 |a energetika 
610 2 0 |a energia tepelná 
610 2 0 |a elektrárne tepelné 
610 2 0 |a biomasa 
610 2 0 |a testy 
610 2 0 |a experimenty 
100 1 |a Bosák, Martin, 1967- 
700 1 |a Tkáč, Michal, 1958- 
700 1 |a Holub, Marián 
700 1 |a Tarča, Alexander 
700 1 |a Štofová, Lenka, 1989- 
700 1 |a Szaryszová, Petra, 1984-